000 00621nam a2200169Ia 4500
008 100917s9999 xx 000 0 und d
082 _b15300
100 _aराजवाडे वि. का.
245 _aमराठ्यांच्या इतिहासाची साधने 5
260 _b---
_c1902
365 _b5
520 _aइतिहास
630 _aमराठ्यांच्या इतिहासाची साधने 5
650 _aइतिहास
730 _aमराठ्यांच्या इतिहासाची साधने 5
942 _cBOOK
999 _c620694
_d620691